The Cow Quiz - Statistics

General Stats
  • This quiz has been taken 7 times
  • The average score is 4 of 13
Answer Stats
Hint Answer % Correct
The cow jumped over the _____ Moon
80%
How many hours of sleep do cows need cows need per night? 4
60%
What do cows eat the most? Grass
60%
What do cows drink the most? Water
60%
What US state has the most amount of cows? Texas
40%
What breed of cow has the longest horns? Texas Longhorn
40%
Who's account doesn’t come up on the search bar? CrazyCow472
20%
What breed of cow is the oneon the thumbnail? Highland
20%
A popular brand of ice cream with a cow logo(hint: it has something to do with the sound that cows make) Mooville
20%
Which US state has the least amount of cows? Rhode Island
20%
What is the largest breed of cow Chianina
0%
What farm animal is the most common in the US Chickens
0%
What is the smallest breed of cow? Vechur
0%
No matching quizzes found
Score Distribution
Percent of People with Each Score
Percentile by Number Answered
Your Score History
You have not taken this quiz